| 000 | 00631nam a22002297a 4500 | ||
|---|---|---|---|
| 005 | 20170124110116.0 | ||
| 010 | _aB-041008 | ||
| 020 |
_c60.00 _a8123727879 |
||
| 035 | _aB-041008 | ||
| 037 | _bCen Lib/Ret | ||
| 040 |
_aDPL _bEN |
||
| 082 |
_aN _bGUR |
||
| 100 |
_aGurdial Singh _930068 |
||
| 245 |
_aParsa / _cby Gurdial Singh; translated by Rana Nayar |
||
| 260 |
_aNew Delhi _bNational Book Trust _c1999 |
||
| 270 |
_bNew Delhi _aA-5, green park _e110016 |
||
| 300 |
_aix, 313p. _c19cm(Hb) |
||
| 650 |
_aLiterature _96262 |
||
| 650 |
_aNovels _913976 |
||
| 700 |
_aNayar, Rana _930069 |
||
| 942 |
_2ddc _cEN _hN _mGUR |
||
| 999 |
_c130765 _d130765 |
||